| 000 | 00656nam a2200229Ia 4500 | ||
|---|---|---|---|
| 003 | OSt | ||
| 005 | 20220924132250.0 | ||
| 006 | a|||||r|||| 00| 0 | ||
| 007 | ta | ||
| 008 | 220923b |||||||| |||| 00| 0 san d | ||
| 024 | _a39544 | ||
| 037 | _cTextual | ||
| 040 |
_aARTS _cARTS _bsan |
||
| 041 |
_2san _asan |
||
| 082 | _aO15:9xF20:1:1, C3 | ||
| 100 |
_aRuyyaka Rajanaka _963280 |
||
| 245 | 0 | _aAlankara sarasva with the comm by Jayaratha ed by Durga Prasad and Kasinath Pandurang Parab | |
| 260 | _c1893 | ||
| 650 | _aENGLISH LITERATURE | ||
| 942 |
_hO15:9xF20:1:1, C3 _cTEXL _2CC |
||
| 999 |
_c429834 _d429834 |
||